Every Kanye West Intro Song On His Every Album. - Statistics

General Stats
  • This quiz has been taken 17 times
  • The average score is 11 of 17
Answer Stats
Album Song % Correct
Graduation Good Morning
100%
My Beautiful Dark Twisted Fantasy Dark Fantasy
92%
Yeezus On Sight
92%
Watch The Throne No Church In The Wild
83%
The Life Of Pablo Ultralight Beam
83%
Ye I Thought About Killing You
75%
808s & Heartbreak Say You Will
75%
Late Registration Heard 'Em Say
67%
The College Dropout We Don't Care
67%
Kids See Ghosts Feel The Love
58%
Vultures 1 Stars
58%
Bully Preacher Man
50%
Jesus Is King Every Hour
42%
Donda Hurricane
42%
Vultures 2 Slide
42%
Donda 2 True Love
42%
Cruel Summer To The World
33%
No matching quizzes found
Score Distribution
Percent of People with Each Score
Percentile by Number Answered
Your Score History
You have not taken this quiz